Revista de Direito Setorial e Regulatr̤io

Bibliographic Details
Format: eBook
Language:Portuguese
Published: Brasl̕ia: Universidade de Brasl̕ia, 2015 -
Subjects:
Online Access:Acceso restringido

MARC

LEADER 00000nam a22000007a 4500
005 20201217225559.0
007 cr|||| ||||
008 201217c20159999br fr|w s|||| 0|||b1por d
022 |a 2446-550X 
035 |a 32347 
040 |a vLex 
090 |c 10969  |d 10969 
245 0 0 |a Revista de Direito Setorial e Regulatr̤io  |h [Recurso electrn̤ico] / 
256 |a Servicio en ln̕ea 
260 |a Brasl̕ia:  |b Universidade de Brasl̕ia,  |c 2015 - 
300 |a 1 recurso electrn̤ico 
310 |a Semestral 
362 |a Nð 1-1 (May. 2015) - 
506 1 |a Disponible solo en los productos indicados  |d vLex Global  |d vLex Global (Academic Edition, excluding Law Schools)  |d vLex Global (U.S. Academic Edition, Law Schools)  |d vLex Global (U.S. Academic Edition, excluding Law Schools)  |d vLex Global (Academic Edition, Law Schools) 
650 0 4 |a Derecho Civil  |z Brasil 
650 0 4 |a Derecho Mercantil y de la Empresa  |z Brasil 
650 0 4 |a Derecho Laboral y Seguridad Social  |z Brasil 
650 0 4 |a Derecho Pb︢lico y Administrativo  |z Brasil 
650 0 4 |a Economa̕ y negocios  |z Brasil 
740 0 |a vLex Revistas (Servicio en ln̕ea) 
856 4 0 |u http://vlex.com/source/revista-direito-setorial-regulatorio-32347  |z Acceso restringido 
942 |c REV 
999 0 |a Civil Law 
999 0 |a Commercial and Company Law 
999 0 |a Labor Law and Social Security 
999 0 |a Public and Administrative Law 
999 0 |a Economy and business